000 00408nam a2200145Ia 4500
008 230917s9999||||xx |||||||||||||| ||und||
040 _e114384
_aMAIN
041 _aEnglish
082 _a333.9162 W851P
100 _aWood, John R.
245 0 _aPolitics of water resource development in India; narmada dams controversy
260 _aNew Delhi
_bSage Publications
_c2007
300 _a285p p.
942 _cBK
999 _c139805
_d139805